000 00599nam a2200181 i 4500
001 81224
003 ES-MaACL
007 t|
008 041103s1941 gw ||||1| ger d
100 1 _aHuch, Friedrich.
_964509
245 1 0 _aPitt und Fox, die liebervege der BrĂ¼der sintrup
_b: roman /
_cde Friedrich Huch.
260 _aLeipzig :
_bVerlag Bernhard Tauchnitz,
_c1941 (
_fOscar Brandstetter)
300 _a281 p. ;
_c19 cm.
490 1 _aDer deutsche tauchnitz ;
_vB.115
830 0 _aDer deutsche tauchnitz ;
_vB.115
_9182699
852 _aES-MaACL
_jG-3547
_bR.19915
999 _c81224
_d81224